[Event "3rd TCCL Friendly Server Tournament, 3rdTCCL"]
[Site "CCLA"]
[Date "2014.07.10"]
[Round "?"]
[White "Latta, Richard W."]
[Black "Lyons, Anthony W."]
[Result "0-1"]
[WhiteElo "1396"]
[BlackElo "1287"]

1. f4 d5 2. Nf3 Nf6 3. e3 Bg4 4. Be2 Bxf3 5. Bxf3 Nc6 6. d3 e5 7. a3 e4 8.
 Be2 Bd6 9. Nc3 d4 10. Nb5 a6 11. Nxd6+ Kf8 12. Nf5 dxe3 13. Bxe3 exd3 14.
 Bc5+ Kg8 15. cxd3 b6 16. Be3 Nd5 17. Nxg7 Nxe3 18. Qd2 Qh4+ 19. g3 Qe7 
20. Qc3 Nd4 21. Nh5 Nec2+ 22. Kd1 Qxe2+ 23. Kc1 Qxh5 24. Ra2 Qd5 25. Rf1 
Qxa2 26. Kd2 Qb3 27. f5 Qxc3+ 28. bxc3 Re8 29. cxd4 Nxd4 30. Kc3 Nc6 31. 
f6 Re6 32. Rf5 Re5 33. g4 Rxf5 34. gxf5 h5 35. d4 Rh6 36. Kc4 Rxf6 37. Kd5
Nxd4 38. Kxd4 Rxf5 39. Ke4 Rc5 40. h4 c6 41. Kd4 Rd5+ 42. Ke4 b5 43. Ke3 
a5 44. Ke2 b4 45. axb4 axb4 46. Kf3 b3 47. Kf4 b2 48. Kf3 b1=Q 49. Kf4 Ra5
50. Ke3 Qb4 51. Kd3 Ra3+ 52. Kc2 Qb3+ 53. Kc1 Qa2 54. Kd1 Qb2 55. Ke1 Ra1#
0-1

[Event "NA Class B Server Championship, S40119"]
[Site "CCLA"]
[Date "2014.04.30"]
[Round "?"]
[White "Smail, John"]
[Black "Disque, Philip"]
[Result "1-0"]
[WhiteElo "1836"]
[BlackElo "1669"]

1. Nf3 c5 2. b3 d6 3. e3 Nc6 4. Bb5 e5 5. Bxc6+ bxc6 6. d3 Qc7 7. Bb2 g6 
8. Nbd2 Bg7 9. O-O Bg4 10. h3 Bd7 11. Qe2 O-O-O 12. Nc4 Re8 13. Bc3 Nh6 
14. Ba5 Qb8 15. e4 f5 16. Rab1 d5 17. Ncd2 Qb5 18. b4 fxe4 19. Ne1 exd3 
20. cxd3 e4 21. a4 Qa6 22. Nb3 exd3 23. Qd2 Re2 24. Qf4 Be5 25. Qxh6 cxb4 
26. Bxb4 Bf5 27. Nd2 c5 28. Rc1 c4 29. Nef3 Bf6 30. Qf4 Rhe8 31. Nxc4 dxc4
32. Rxc4+ Kd7 33. Qc7+ Ke6 34. Rc6+ Qxc6 35. Qxc6+ Kf7 36. Qc4+ Kg7 37. 
Nd4 Rc8 38. Nxf5+ 1-0

[Event "Regular Quad, S40449"]
[Site "CCLA"]
[Date "2014.12.19"]
[Round "?"]
[White "Klimushyn, Charles"]
[Black "Berger, Byron"]
[Result "0-1"]
[WhiteElo "1648"]
[BlackElo "1516"]

1. Nf3 f5 2. g3 Nf6 3. d3 d6 4. Bg2 e5 5. O-O Be7 6. Nbd2 O-O 7. Re1 b6 8.
 e4 fxe4 9. dxe4 Bb7 10. Ng5 Qd7 11. h3 h6 12. Ngf3 Na6 13. Nh2 Nc5 14. 
Qe2 Rae8 15. b4 Ne6 16. h4 d5 17. a3 Nd4 18. Qd3 Qa4 19. Ra2 Bxb4 20. c3 
Ba6 21. Qe3 Nc2 22. Rxc2 Bc5 23. Qf3 Qxc2 24. exd5 e4 25. Qf5 e3 0-1

[Event "Summer Server Series, S40061"]
[Site "CCLA"]
[Date "2014.07.28"]
[Round "?"]
[White "Smail, John"]
[Black "Anderson, Clarence"]
[Result "1/2-1/2"]
[WhiteElo "1836"]
[BlackElo "1798"]

1. Nf3 c5 2. b3 d6 3. Bb2 e5 4. e4 Nf6 5. Nc3 g6 6. Bb5+ Bd7 7. Bxd7+ Qxd7
8. Qe2 Nc6 9. Nd5 Bg7 10. c3 O-O 11. O-O-O Nxd5 12. exd5 Ne7 13. c4 Rfb8 
14. Ng5 b5 15. f4 exf4 16. Bxg7 Kxg7 17. d3 Nf5 18. Qb2+ Kh6 19. Ne4 Nd4 
20. Qf2 Kg7 21. Rde1 f3 22. gxf3 bxc4 23. dxc4 a5 24. Rd1 Nxb3+ 25. axb3 
Rxb3 26. Qc2 Qa4 27. Rd3 Qa1+ 28. Kd2 Rxd3+ 29. Kxd3 Qxh1 30. Qb2+ Kh6 31.
 Qd2+ Kg7 32. Qb2+ 1/2-1/2

[Event " Herbert W. Gustafson Memorial, S47169"]
[Site "CCLA"]
[Date "2014.10.27"]
[Round "?"]
[White "Latta, David A."]
[Black "Gunning, Edward E."]
[Result "0-1"]
[WhiteElo "1350"]
[BlackElo "1350"]

1. Nf3 Nc6 2. g4 e5 3. Bg2 f6 4. Nc3 d5 5. O-O Bxg4 6. Nxd5 Qxd5 7. Nh4 
Qd7 8. f3 Be6 9. d3 O-O-O 10. Be3 g5 11. f4 gxh4 12. Be4 b6 13. c4 Nd4 14.
 fxe5 Qg7+ 15. Bg2 h3 16. exf6 Qxg2# 0-1

[Event "Herbert W. Gustafson Memorial Open, S47029"]
[Site "CCLA"]
[Date "2014.10.27"]
[Round "?"]
[White "O'Sullivan, Rory"]
[Black "Vlasov, Andrey"]
[Result "0-1"]
[WhiteElo "2227"]
[BlackElo "2226"]

1. Nf3 g6 2. Nc3 Bg7 3. e4 c5 4. Bc4 Nc6 5. O-O a6 6. d3 e6 7. Bg5 Nge7 8.
 a3 b5 9. Bb3 Bb7 10. a4 Qb6 11. axb5 axb5 12. Rxa8+ Bxa8 13. Qd2 h6 14. 
Be3 g5 15. Ra1 Bb7 16. h3 f5 17. exf5 Nxf5 18. Ne4 Nxe3 19. Qxe3 Nd4 20. 
Nxd4 Bxd4 21. Qf3 Bxb2 22. Rb1 Bxe4 23. Qh5+ Ke7 24. Rxb2 Bc6 25. Qg6 Rf8 
26. Qxh6 c4 27. Bxc4 Qxf2+ 28. Kh2 Qf4+ 29. Kg1 bxc4 30. Qg7+ Rf7 31. Qg8 
Qf2+ 32. Kh2 Qxg2# 0-1

[Event "Herbert W. Gustafson Memorial Open, S47099"]
[Site "CCLA"]
[Date "2014.10.27"]
[Round "?"]
[White "Evans, Stanley W."]
[Black "Catania, Duane"]
[Result "1-0"]
[WhiteElo "1787"]
[BlackElo "1774"]

1. e4 e6 2. d3 c5 3. Nf3 Nc6 4. g3 g6 5. Bg2 Bg7 6. O-O Nge7 7. c3 O-O 8. 
Be3 b6 9. d4 cxd4 10. Nxd4 Bb7 11. Re1 Rc8 12. Nxc6 dxc6 13. Nd2 Qc7 14. 
Qb3 c5 15. Rad1 Rcd8 16. Nc4 Nc6 17. Rxd8 Rxd8 18. Rd1 Rxd1+ 19. Qxd1 Ba6 
20. Na3 Bb7 21. f4 a6 22. Nc4 Bf8 23. e5 Ne7 24. Qd6 Qxd6 25. exd6 Bxg2 
26. dxe7 Bxe7 27. Kxg2 b5 28. Nb6 a5 29. c4 bxc4 30. Nxc4 a4 31. a3 1-0

[Event " NA Class A Server Championship, S40109"]
[Site "CCLA"]
[Date "2014.04.30"]
[Round "?"]
[White "Shannon, Paul D."]
[Black "Sereni, Vincent T."]
[Result "0-1"]
[WhiteElo "1832"]
[BlackElo "2118"]

1. Nf3 Nf6 2. g3 c5 3. Bg2 Nc6 4. O-O e5 5. c4 Be7 6. Nc3 d6 7. d3 O-O 8. 
h3 Rb8 9. Bd2 h6 10. a3 a6 11. Kh2 b5 12. b3 Bd7 13. e3 Be6 14. Qc2 Qd7 
15. Nh4 d5 16. cxd5 Nxd5 17. Nf5 Rfd8 18. Nxd5 Bxd5 19. Nxe7+ Qxe7 20. 
Rfc1 Bxg2 21. Kxg2 Qb7 22. Kh2 Rbc8 23. Bc3 Nd4 24. Bxd4 cxd4 25. Qe2 Qd5 
26. Rxc8 Rxc8 27. b4 Rc3 28. exd4 Qxd4 29. Ra2 Rxd3 30. h4 Qd5 31. h5 e4 
32. Kh3 Rd1 33. g4 e3 34. fxe3 Rh1+ 35. Kg3 Qe5+ 0-1

[Event "Regular Quad, S40449"]
[Site "CCLA"]
[Date "2014.12.19"]
[Round "?"]
[White "Klimushyn, Charles"]
[Black "Strelecky, Rich"]
[Result "0-1"]
[WhiteElo "1648"]
[BlackElo "1584"]

1. Nf3 Nf6 2. g3 g6 3. Bg2 Bg7 4. O-O O-O 5. d3 d6 6. e4 e5 7. a4 a5 8. 
Nbd2 Bg4 9. Qe1 Nc6 10. h3 Nb4 11. Qd1 Be6 12. d4 exd4 13. Nxd4 Re8 14. 
Nxe6 Rxe6 15. Re1 Qe7 16. f3 d5 17. Rb1 Qc5+ 18. Kh2 Qxc2 19. Qxc2 Nxc2 
20. Rg1 d4 21. Nc4 d3 22. Rd1 Nb4 23. Bf1 Rc6 24. b3 b6 25. Bxd3 Rd8 26. 
Be2 Rxd1 27. Bxd1 Nd7 28. Be2 Na2 29. Bb2 Bxb2 30. Rxb2 Nc1 31. Bd1 Nc5 
32. Ne3 Rd6 33. Nd5 c6 34. Rc2 N1xb3 35. Nc3 Kg7 36. Be2 Nd4 37. Rd2 Nxf3+
0-1

[Event " Herbert W. Gustafson Memorial, S47169"]
[Site "CCLA"]
[Date "2014.10.27"]
[Round "?"]
[White "Latta, David A."]
[Black "Simonson, Jay"]
[Result "0-1"]
[WhiteElo "1350"]
[BlackElo "1364"]

1. Nf3 d5 2. e4 dxe4 3. Ng5 e5 4. Nxe4 Nf6 5. d3 Nxe4 6. dxe4 Qxd1+ 7. 
Kxd1 Nc6 8. Bb5 Bd7 9. Nc3 O-O-O 10. f4 Bg4+ 11. Ke1 Nd4 12. Nd5 Nxc2+ 13.
 Kf2 Nxa1 14. Bd3 c6 15. Ne3 Bc5 16. h3 exf4 0-1

[Event "2014 Server Championship, S40029"]
[Site "CCLA"]
[Date "2014.01.27"]
[Round "?"]
[White "Owens, Johnny"]
[Black "Cross, Gregory W."]
[Result "1/2-1/2"]
[WhiteElo "2150"]
[BlackElo "2172"]

1. b3 Nf6 2. Bb2 e6 3. Nf3 d5 4. e3 Be7 5. Be2 O-O 6. O-O c5 7. d4 cxd4 8.
 exd4 Nc6 9. c4 b6 10. a3 Bb7 11. Re1 Qc7 12. Nc3 Rfd8 13. cxd5 Nxd5 14. 
Nxd5 Rxd5 15. Rc1 Bf6 16. Bd3 Rc8 17. Be4 Rdd8 18. b4 Qb8 19. Qd3 g6 20. 
g3 Ne7 21. Rxc8 Qxc8 22. Rc1 Qd7 23. Qe3 Nf5 24. Qf4 Bxe4 25. Qxe4 Bxd4 
26. Nxd4 Nxd4 27. Kg2 Qd6 28. Re1 a5 29. bxa5 bxa5 30. h4 a4 31. Qe5 Qc6+ 
32. Kh3 Qd5 33. Re4 Qxe5 34. Rxe5 Nb3 35. Rb5 Rf8 36. Rb4 1/2-1/2

[Event "NA Class C Server Championship, S40129"]
[Site "CCLA"]
[Date "2014.04.30"]
[Round "?"]
[White "Strelecky, Rich"]
[Black "Nurmi, Ronald"]
[Result "1-0"]
[WhiteElo "1584"]
[BlackElo "1438"]

1. e4 d5 2. Nf3 dxe4 3. Ng5 Bf5 4. Qe2 Nc6 5. Qc4 e6 6. Nxe4 Be7 7. Ng3 
Bg6 8. Qb5 Rb8 9. Qa4 a6 10. Nc3 Qd7 11. Nge4 Nf6 12. Bd3 Nxe4 13. Bxe4 
Bxe4 14. Qxe4 O-O 15. O-O Rbd8 16. Rd1 Qd4 17. d3 Bc5 18. Be3 Qxe4 19. 
Nxe4 Bxe3 20. fxe3 b6 21. a3 Ne5 22. h3 Rd7 23. Kf2 Rfd8 24. g4 f5 25. 
gxf5 exf5 26. Nc3 g6 27. d4 Nc4 28. b3 Nd6 29. a4 c6 30. Kf3 Kg7 31. a5 b5
32. Na2 Rc7 33. Nb4 Ra8 34. c3 Kf6 35. h4 Ne4 36. Rac1 Ke6 37. Nxc6 Kd5 
38. Nb4+ Kd6 39. c4 bxc4 40. bxc4 Rcc8 41. c5+ Kd7 42. Nd5 1-0

[Event " Herbert W. Gustafson Memorial, S47169"]
[Site "CCLA"]
[Date "2014.10.27"]
[Round "?"]
[White "Latta, David A."]
[Black "Acosta, Errol"]
[Result "0-1"]
[WhiteElo "1350"]
[BlackElo "1365"]

1. Nf3 d5 2. e4 dxe4 3. Ng5 Nf6 4. Bc4 e6 5. O-O Bd6 6. Qe2 Nc6 7. Re1 Ne5
8. Bb3 O-O 9. Nc3 h6 10. Ngxe4 Nfg4 11. d4 Nxh2 12. Kxh2 Nf3+ 13. Kh3 Qh4#
0-1

[Event "Regular Quad, S40419"]
[Site "CCLA"]
[Date "2014.12.01"]
[Round "?"]
[White "Strelecky, Rich"]
[Black "Howard, James"]
[Result "1-0"]
[WhiteElo "1584"]
[BlackElo "1183"]

1. e3 d5 2. Nf3 Nf6 3. b3 e5 4. Nxe5 Bd6 5. Nf3 O-O 6. h3 Nc6 7. Bb2 Qe8 
8. Bxf6 Nb4 9. Bc3 Nc6 10. Bb5 Qe4 11. Bd3 Qe7 12. O-O Be6 13. Bb5 a6 14. 
Bxc6 bxc6 15. Be5 Bxe5 16. Nxe5 Qd6 17. Nf3 c5 18. Re1 Rae8 19. Nc3 c4 20.
 Nd4 Bc8 21. bxc4 dxc4 22. Qf3 Qg6 23. Qc6 Qd6 24. Qxc4 Qg6 25. Qxc7 Rd8 
26. Nc6 Rd7 27. Qxd7 Qg5 28. Ne7+ Kh8 29. Nxc8 a5 30. Qe7 Kg8 31. Qxg5 
Rxc8 32. Nd5 Rxc2 33. Qd8# 1-0

[Event "Herbert W. Gustafson Memorial, S47159"]
[Site "CCLA"]
[Date "2014.10.27"]
[Round "?"]
[White "Latta, Richard W."]
[Black "Leber, David"]
[Result "1-0"]
[WhiteElo "1396"]
[BlackElo "1375"]

1. Nf3 Nf6 2. b3 d5 3. Bb2 e6 4. Nc3 Bb4 5. Ne5 O-O 6. h4 Re8 7. h5 Bd6 8.
 d4 Nc6 9. Ng6 fxg6 10. hxg6 h6 11. Qd2 Re7 12. e4 Bb4 13. e5 Ne8 14. a3 
Ba5 15. Be2 Bb6 16. O-O-O Nxd4 17. Rxh6 gxh6 18. Rh1 Nf5 19. g4 Bxf2 20. 
gxf5 exf5 21. Qxh6 Be3+ 22. Qxe3 Qd7 23. Qh6 Rh7 24. gxh7+ Kf7 25. Bh5+ 
Ke7 26. Qg5+ Ke6 27. Qg6+ Kxe5 28. Ne2+ Ke4 29. Rh4+ 1-0

[Event "Winter Server Series, S40031"]
[Site "CCLA"]
[Date "2014.01.27"]
[Round "?"]
[White "Ramirez, Salvador"]
[Black "Hadley, Douglas R."]
[Result "1/2-1/2"]
[WhiteElo "1589"]
[BlackElo "1576"]

1. Nf3 d5 2. g3 Bg4 3. Bg2 c6 4. O-O Nf6 5. d3 Nbd7 6. h3 Bxf3 7. exf3 g6 
8. Re1 Bg7 9. Nd2 O-O 10. f4 Re8 11. Nf3 Qb6 12. c3 e6 13. Qc2 Rac8 14. 
Be3 c5 15. d4 c4 16. Nd2 Qc6 17. Rec1 b5 18. a4 a6 19. axb5 axb5 20. Ra7 
Ra8 21. Rca1 Rxa7 22. Rxa7 Ra8 23. Rxa8+ Qxa8 24. Qb1 Nb6 25. g4 h6 26. f3
Ne8 27. Bf1 Nd6 28. b3 Qa6 29. Kg2 f5 30. Kg3 Kf7 31. Bf2 Bf6 32. h4 Be7 
33. Be2 h5 1/2-1/2

[Event "3rd TCCL Friendly Server Tournament, 3rdTCCL"]
[Site "CCLA"]
[Date "2014.07.10"]
[Round "?"]
[White "Latta, David A."]
[Black "Lyons, Gage W."]
[Result "1-0"]
[WhiteElo "1350"]
[BlackElo "1252"]

1. Nf3 d5 2. g3 Bg4 3. h3 Bxf3 4. exf3 e5 5. Bg2 Nf6 6. f4 exf4 7. gxf4 
Bd6 8. d4 Nc6 9. Nc3 O-O 10. Nxd5 Nxd5 11. Bxd5 Ne7 12. Bxb7 Rb8 13. Qf3 
Bb4+ 14. c3 Bd6 15. O-O c6 16. f5 Qb6 17. Qg4 Rxb7 18. f6 Ng6 19. Qh5 gxf6
20. Bh6 Re8 21. Rfe1 Rxe1+ 22. Rxe1 Re7 23. Rd1 Qxb2 24. Rd2 Qxc3 25. d5 
cxd5 26. Qxd5 Qc7 27. Qa8+ Qb8 28. Qc6 Qc7 29. Rxd6 Qxc6 30. Rxc6 Ne5 31. 
Rc8+ 1-0

[Event "Premier Quad, S40389"]
[Site "CCLA"]
[Date "2014.11.24"]
[Round "?"]
[White "Beavan, Robert"]
[Black "Pronovost, David"]
[Result "1/2-1/2"]
[WhiteElo "1937"]
[BlackElo "1799"]

1. Nf3 Nf6 2. g3 d5 3. Bg2 c6 4. O-O Bg4 5. d3 Nbd7 6. Nbd2 e5 7. e4 Bd6 
8. Qe2 O-O 9. h3 Be6 10. Ng5 Qe7 11. Nxe6 Qxe6 12. exd5 cxd5 13. Re1 Rac8 
14. c3 Rfe8 15. Nf3 h6 16. Be3 Bc7 17. Qd1 Bb6 18. d4 e4 1/2-1/2

[Event "Regular Quad, S40449"]
[Site "CCLA"]
[Date "2014.12.19"]
[Round "?"]
[White "Klimushyn, Charles"]
[Black "Smiley, William R."]
[Result "0-1"]
[WhiteElo "1648"]
[BlackElo "1530"]

1. Nf3 Nf6 2. g3 d5 3. Bg2 e6 4. O-O g6 5. d3 Nbd7 6. Nbd2 Bg7 7. e4 e5 8.
 c3 O-O 9. Re1 Re8 10. d4 exd4 11. Nxd4 c5 12. Nc2 Nb6 13. exd5 Rxe1+ 14. 
Qxe1 Nbxd5 15. Nb3 Qc7 16. c4 Nb6 17. Bf4 Qd8 18. Nd2 a5 19. a4 Ra6 20. 
Ne3 Nbd7 21. Rb1 Re6 22. Qd1 Nb8 23. Nd5 Na6 24. Nb3 b6 25. Bh6 Bxh6 0-1

[Event "Winter Server Series, S40031"]
[Site "CCLA"]
[Date "2014.01.27"]
[Round "?"]
[White "Ramirez, Salvador"]
[Black "Smiley, William R."]
[Result "1-0"]
[WhiteElo "1589"]
[BlackElo "1530"]

1. Nf3 d5 2. g3 g6 3. Bg2 Bg7 4. O-O Nf6 5. d3 O-O 6. Nbd2 Nc6 7. c4 d4 8.
 Qc2 Re8 9. b3 e5 10. Ne4 Nxe4 11. dxe4 Ne7 12. Rd1 c5 13. e3 Bg4 14. Bb2 
Nc6 15. a3 Qf6 16. Qe2 Rad8 17. h3 Be6 18. Kh2 Rd7 19. Ne1 Red8 20. Nd3 
Bh6 21. Nxc5 Re7 22. Nd3 Na5 23. Nc1 Nc6 24. Nd3 Red7 25. Nc5 Re7 26. f4 
exf4 27. exf4 Bc8 28. e5 Qg7 29. Bxc6 bxc6 30. Bxd4 1-0

[Event "Winter Server Series, S40031"]
[Site "CCLA"]
[Date "2014.01.27"]
[Round "?"]
[White "Ramirez, Salvador"]
[Black "Nurmi, Ronald"]
[Result "1-0"]
[WhiteElo "1589"]
[BlackElo "1438"]

1. Nf3 Nf6 2. g3 d5 3. Bg2 c6 4. O-O Bg4 5. d3 Nbd7 6. Nbd2 e5 7. h3 Bh5 
8. e4 dxe4 9. Nxe4 Nxe4 10. dxe4 Be7 11. Be3 O-O 12. c3 Nf6 13. Qxd8 Rfxd8
14. Nxe5 Be2 15. Rfe1 Bb5 16. c4 Ba6 17. b3 Rac8 18. Rad1 Bd6 19. Nd3 Be7 
20. Bxa7 h6 21. Bb6 Re8 22. f4 Nd7 23. Bd4 b5 24. c5 Rcd8 25. b4 Nf6 26. 
Bxf6 gxf6 27. e5 Bb7 28. Kf2 fxe5 29. Nxe5 Rc8 30. Rd7 Ba8 31. Ng4 1-0

[Event "Premier Quad, S40389"]
[Site "CCLA"]
[Date "2014.11.24"]
[Round "?"]
[White "Beavan, Robert"]
[Black "Catania, Duane"]
[Result "1-0"]
[WhiteElo "1937"]
[BlackElo "1774"]

1. Nf3 d5 2. g3 Nf6 3. Bg2 Bf5 4. O-O e6 5. d3 Be7 6. Nbd2 O-O 7. c4 c6 8.
 Nh4 Bg6 9. Nxg6 hxg6 10. Nf3 Nbd7 11. cxd5 exd5 12. a3 Re8 13. b4 a5 14. 
Bd2 axb4 15. axb4 Rxa1 16. Qxa1 Bd6 17. e3 Qa8 18. Qb2 Qa6 19. b5 Qa3 20. 
Qxa3 Bxa3 21. Ra1 Bd6 22. bxc6 bxc6 23. Ra6 Rc8 24. Bh3 Kf8 25. Nd4 g5 26.
 Rxc6 Rxc6 27. Nxc6 g4 28. Bg2 Ne5 29. Nxe5 Bxe5 30. h3 Bd6 31. hxg4 d4 
32. Bf3 dxe3 33. Bxe3 Nd7 34. d4 Ke7 35. g5 Nb6 36. d5 Nd7 37. Kf1 Ne5 38.
 Be2 f5 39. f4 Nd7 40. g4 fxg4 41. Bxg4 Nc5 42. Ke2 g6 43. Bf3 Kf7 44. 
Bxc5 Bxc5 45. Kd3 Bd6 46. Ke4 Ke7 47. Bg4 Bc7 48. Be6 Kf8 49. f5 gxf5+ 50.
 Kxf5 Kg7 51. g6 Bd6 52. Bf7 Kf8 53. Ke6 Bc7 54. d6 Bd8 55. Kd7 Ba5 56. 
Kc8 Bb6 57. d7 Ke7 58. Be8 Kf6 59. d8=Q+ 1-0

[Event "Regular Quad, S40419"]
[Site "CCLA"]
[Date "2014.12.01"]
[Round "?"]
[White "Strelecky, Rich"]
[Black "Miller, Allan A."]
[Result "1-0"]
[WhiteElo "1584"]
[BlackElo "1563"]

1. g3 Nf6 2. Bg2 d5 3. Nf3 c6 4. O-O Bf5 5. d3 h6 6. Nbd2 e6 7. b3 Nbd7 8.
 Bb2 Bd6 9. Re1 O-O 10. e4 dxe4 11. dxe4 Bh7 12. e5 Nxe5 13. Nxe5 Nd5 14. 
Bxd5 exd5 15. Qg4 Bxe5 16. Bxe5 f6 17. Bf4 Kh8 18. c3 f5 19. Qe2 Qd7 20. 
Qe7 Qxe7 21. Rxe7 b6 22. Be5 1-0

[Event "Premier Quad, S40409"]
[Site "CCLA"]
[Date "2014.11.24"]
[Round "?"]
[White "Smail, John"]
[Black "Stroup, Jim"]
[Result "0-1"]
[WhiteElo "1836"]
[BlackElo "1768"]

1. e4 c5 2. Nf3 e6 3. d3 Nc6 4. g3 d5 5. Nbd2 Nf6 6. Bg2 Be7 7. O-O b6 8. 
Re1 Bb7 9. a3 Qc7 10. c3 h6 11. e5 Nd7 12. d4 a5 13. Nf1 b5 14. h4 a4 15. 
Be3 O-O 16. Bh3 Na5 17. N3d2 c4 18. Qh5 Ra6 19. g4 Nb3 20. Rad1 Nb8 21. 
Nf3 Nc6 22. Ng3 Rfa8 23. g5 g6 24. Qg4 Kh8 25. gxh6 Rg8 26. Bg5 Bc8 27. 
Bxe7 Qxe7 28. Qg5 Ra7 29. Qf4 Rf8 30. Kh1 f6 31. Qg4 fxe5 32. Nxe5 Nxe5 
33. Rxe5 Qf6 34. f4 Raf7 35. h5 gxh5 36. Nxh5 Qxh6 37. Rg1 Qh7 38. Qe2 Na5
39. Reg5 Nc6 40. Bxe6 Bxe6 41. Qxe6 Rxf4 42. Qe2 Rh4+ 43. Kg2 Qh6 0-1

[Event "NA Class D Server Championship, S40139"]
[Site "CCLA"]
[Date "2014.04.30"]
[Round "?"]
[White "Simonson, Jay"]
[Black "Williams, Rufus H."]
[Result "0-1"]
[WhiteElo "1364"]
[BlackElo "1222"]

1. Nf3 d5 2. c4 Nf6 3. cxd5 Nxd5 4. e4 Nb6 5. d4 e6 6. Bd3 Bb4+ 7. Bd2 
Bxd2+ 8. Qxd2 O-O 9. O-O Nc6 10. Nc3 Nxd4 11. Nxd4 Qxd4 12. Nb5 Qd7 13. 
Qf4 Qxd3 14. Nxc7 Bd7 15. Nxa8 Rxa8 16. Rad1 Qb5 17. Qd6 h6 18. b3 Qc6 19.
 Qxc6 bxc6 20. b4 a6 21. Ra1 e5 22. a4 a5 23. Rfb1 Nc4 24. Rd1 Be6 25. 
bxa5 Nxa5 26. Rd6 h5 27. h4 Kf8 28. g3 Rb8 29. Rad1 g6 30. Rd8+ Rxd8 31. 
Rxd8+ Ke7 32. Ra8 Nb3 33. f3 c5 34. Kf2 c4 35. Ke2 Kd6 36. Kd1 Kc5 37. Rb8
Kd4 38. Ke2 Kc3 39. Rb7 Kb2 40. Rc7 Kc3 41. Kd1 Kd3 42. Rb7 Ke3 43. Rb5 
Kxf3 44. Rxe5 Kxg3 45. a5 Nxa5 46. Rxa5 Kxh4 47. Ke2 Kg3 48. Ke3 Kg4 49. 
Kd4 h4 50. Ra1 g5 51. Rg1+ Kh5 52. Ke3 h3 53. Kf3 Kh4 54. Kf2 g4 55. Rc1 
g3+ 56. Kf1 Kg4 57. Rc3 Kf4 58. e5 g2+ 59. Kf2 Kxe5 60. Re3+ Kd4 61. Rf3 
c3 62. Rf4+ Kd3 63. Rf3+ Kc2 64. Re3 Kb2 65. Re2+ c2 66. Kg1 Kb1 67. Rxc2 
Kxc2 68. Kf2 Bd5 69. Kg1 Kd1 70. Kf2 h2 0-1

[Event "Continuous Server Series, S40189"]
[Site "CCLA"]
[Date "2014.06.06"]
[Round "?"]
[White "Smith, Dan W."]
[Black "Cangelosi, Dominic"]
[Result "1/2-1/2"]
[WhiteElo "1435"]
[BlackElo "1415"]

1. Nf3 d5 2. c4 dxc4 3. Na3 c5 4. Nxc4 Bg4 5. e4 e6 6. Be2 Nf6 7. d3 Be7 
8. h3 Bh5 9. g4 Bg6 10. Qc2 h6 11. e5 Nfd7 12. Bd2 Nc6 13. a3 O-O 14. 
O-O-O Qc7 15. Qb3 Rfb8 16. a4 Ncxe5 17. Kb1 Nxc4 18. Qxc4 a6 19. a5 b5 20.
 axb6 Qxb6 21. Bc3 Bf6 22. Rd2 Bxc3 23. Qxc3 Qb5 24. Kc1 Nb6 25. Ne5 Na4 
26. Qa3 Bh7 27. d4 Qb7 28. f3 Qb4 29. Qxb4 Rxb4 30. Rh2 Nc3 31. Bd3 Nb5 
32. Bxh7+ Kxh7 33. Nd3 Nxd4 34. Nxb4 Nxf3 35. Na2 Nxh2 36. Rxh2 Rd8 37. 
Rd2 Rd4 38. Rxd4 cxd4 39. b4 Kg6 40. Kd2 Kg5 41. Nc1 Kh4 42. Nb3 Kxh3 43. 
Nc5 Kxg4 44. Nxa6 h5 45. Nc5 f5 46. b5 h4 47. b6 h3 48. b7 h2 49. b8=Q 
h1=Q 50. Qe8 Qg2+ 1/2-1/2

[Event "NA Class B Server Championship, S40119"]
[Site "CCLA"]
[Date "2014.04.30"]
[Round "?"]
[White "Smail, John"]
[Black "Fausey, Verna M."]
[Result "0-1"]
[WhiteElo "1836"]
[BlackElo "1747"]

1. Nf3 d5 2. c4 dxc4 3. Na3 c5 4. Nxc4 Nc6 5. b3 f6 6. Bb2 e5 7. g3 Nge7 
8. Bg2 Nd5 9. O-O Be7 10. e3 O-O 11. d4 cxd4 12. exd4 e4 13. Ne1 f5 14. 
Nc2 b5 15. N4e3 f4 16. gxf4 Rxf4 17. Qe2 Rb8 18. Rfe1 Bh4 19. Nxd5 Qxd5 
20. Rf1 Bg4 21. Qd2 Rbf8 22. Ne3 Qh5 0-1

[Event "Premier Quad, S40369"]
[Site "CCLA"]
[Date "2014.11.03"]
[Round "?"]
[White "Disque, Philip"]
[Black "Parenteau, Mike"]
[Result "1-0"]
[WhiteElo "1669"]
[BlackElo "1651"]

1. Nf3 f5 2. c4 Nf6 3. g3 g6 4. Bg2 Bg7 5. O-O O-O 6. Nc3 d6 7. d3 Nc6 8. 
Bg5 Qe8 9. Qc1 e5 10. Bh6 Ng4 11. Bxg7 Kxg7 12. h3 Nf6 13. a3 Nd4 14. Qd1 
Nxf3+ 15. exf3 c6 16. Re1 Rf7 17. f4 Re7 18. Qd2 exf4 19. Rxe7+ Qxe7 20. 
Re1 Qf7 21. Qe2 Bd7 22. Qe7 Re8 23. Qxf7+ Kxf7 24. Rxe8 Kxe8 25. gxf4 Be6 
26. Bf3 Ke7 27. Kf1 Nd7 28. b4 Nf8 29. h4 h5 30. b5 Bd7 31. Ke2 Ne6 32. 
Ke3 Nc5 33. bxc6 Bxc6 34. Bd5 a6 35. d4 Ne6 36. Bxe6 1-0

[Event "Premier Quad, S40279"]
[Site "CCLA"]
[Date "2014.09.12"]
[Round "?"]
[White "Pronovost, David"]
[Black "Silverman, Robert"]
[Result "0-1"]
[WhiteElo "1799"]
[BlackElo "1871"]

1. c4 b6 2. Nc3 Bb7 3. d4 e6 4. e4 Bb4 5. Bd3 f5 6. f3 g6 7. Ne2 c5 8. Bd2
cxd4 9. Nxd4 Nc6 10. Nxc6 dxc6 11. Qc2 Bc5 12. O-O-O Qf6 13. Ne2 Ne7 14. 
f4 O-O 15. Bc3 Qf7 16. h3 Be3+ 17. Bd2 Bc5 18. g4 Rad8 19. Ng3 Bd4 20. Bc3
fxe4 21. Nxe4 Bxc3 22. Nxc3 Qxf4+ 23. Kb1 c5 24. Rhg1 Bf3 25. Ne2 Qe3 26. 
Rge1 Nc6 27. Qc3 Nb4 28. Nc1 Qd4 29. Qxd4 Rxd4 30. Rd2 Nxd3 31. Nxd3 Be4 
32. Re3 Rf1+ 33. Kc2 Rxc4+ 34. Kb3 b5 35. Nxc5 Bd5 36. Re5 Rxc5+ 37. Kb4 
Rfc1 38. b3 R5c2 39. Ree2 Rxd2 40. Rxd2 a6 41. Rf2 Kg7 42. Ka5 Rc6 43. g5 
h6 44. gxh6+ Kxh6 45. Re2 Kh5 46. Re3 Kh4 47. a4 bxa4 48. b4 Bb3 49. b5 
axb5 50. Kxb5 Rc1 51. Kb4 g5 52. Ka3 Rh1 53. Re4+ Kxh3 54. Re3+ Kg2 55. 
Re2+ Kf3 56. Rd2 Rd1 57. Rh2 g4 58. Rh6 Rd3 59. Rf6+ Ke2 60. Rg6 g3 61. 
Kb4 Kf2 62. Ka3 g2 63. Rg7 Rg3 64. Rxg3 Kxg3 65. Kb4 g1=Q 66. Kc3 Qd1 67. 
Kb4 e5 68. Kc5 e4 69. Kb5 e3 70. Kc6 e2 71. Kc5 e1=Q 72. Kc6 Qd5+ 73. Kc7 
Qb4 74. Kc8 Qbb7# 0-1

[Event "Continuous Server Series, S40199"]
[Site "CCLA"]
[Date "2014.06.09"]
[Round "?"]
[White "Howard, James"]
[Black "Smiley, William R."]
[Result "0-1"]
[WhiteElo "1183"]
[BlackElo "1530"]

1. c4 f5 2. d3 Nf6 3. Bd2 e6 4. Qc2 Be7 5. Nc3 c6 6. O-O-O O-O 7. d4 d5 8.
 f4 Ng4 9. h3 Nf2 10. Nf3 Nxh1 11. Ng5 Nf2 12. e4 Nxd1 13. Qxd1 Bxg5 14. 
exf5 Bf6 15. Bd3 exf5 16. g4 Bxd4 17. gxf5 Bxf5 18. Be2 Qe7 19. cxd5 Be3 
20. dxc6 Bxd2+ 21. Qxd2 Nxc6 22. Bc4+ Kh8 23. h4 Rfe8 24. Qd5 Be6 25. Qe4 
Bxc4 26. Qxc4 Rad8 27. Kc2 Rd4 28. Qf1 Red8 29. Qg2 Rd2+ 30. Kb3 Qb4# 0-1

[Event "Premier Quad, S40259"]
[Site "CCLA"]
[Date "2014.08.18"]
[Round "?"]
[White "Stevens, Daniel L."]
[Black "Catania, Duane"]
[Result "1-0"]
[WhiteElo "1771"]
[BlackElo "1774"]

1. c4 e6 2. Nc3 b6 3. e4 c5 4. Nf3 Nc6 5. d4 cxd4 6. Nxd4 Bb7 7. Be2 Bc5 
8. Nxc6 Bxc6 9. O-O Ne7 10. a3 a5 11. Kh1 O-O 12. Bg5 f6 13. Bh4 Ng6 14. 
Bg3 f5 15. exf5 Rxf5 16. Bd3 Nf4 17. Bxf5 Bxg2+ 18. Kg1 Bxf1 19. Kxf1 exf5
20. Bxf4 Kh8 21. Qd5 Qf8 22. Rd1 h6 23. Bd6 Bxd6 24. Qxd6 Qe8 25. Re1 Qh5 
26. Qg3 Rc8 27. Re7 Rg8 28. Nd5 Qd1+ 29. Kg2 Qd4 30. Rxd7 Re8 31. Qf4 Qxb2
32. Qxf5 Qd4 33. Ne7 Qxc4 34. Ng6+ Kg8 35. Ne7+ Kh8 36. Nd5 Qc6 37. Qf7 
Rg8 38. Rc7 Qe8 39. Qxe8 Rxe8 40. Nxb6 1-0